000 00590nam a2200181 a 4500
001 000009131
005 20250129121827.0
008 090928s1987 dr c r 000 p spa d
040 _aDO-SdBNP
_bspa
_cBNPHU
082 _aRD861.44
_bG261c
100 1 _aGatón Arce, Freddy,
_d1920-1994
_97946
245 1 0 _aCelebraciones de cuatro vientos /
_cFreddy Gatón Arce.
260 _aSanto Domingo :
_bTaller,
_c1987.
300 _a51 p. :
_bretr. ;
_c23.
500 _aIncluye datos biográficos del autor en la página 49.
650 0 _aPoesía dominicana
_966
650 0 _aLiteratura dominicana.
_967
999 _c8895
_d8895